00850nam a2200253 a 4500001001000000003000500010005001700015008004100032010001100073011001100084020001800095040000900113082002300122245012400145250001000269260010600279300001800385650004100403650004100444650003200485700002300517700002700540700002900567000115833CHAP20220329144550.0190715s2018 gt a |r| ||||||spa d a112294 a113266 a9789929720060 cCHAP04a591.9728bI59 201800aInsectos de Guatemala :bguía de identificación /ceditado por Jiichiro Joshimoto, Enio B. Cano y Samanta Orellana. a2 ed. aGuatemala :bUniversidad del Valle de Guatemala,bPro NaturabMuseo de Historia Natural USAC.,c2018. a196 p. :bil.14aInsectosxAnatomía y fisiología.14aInsectosxCatálogos y colecciones.14aInsectosxIdentificación.1 aCano, Enio B.eed.1 aOrellana, Samantaeed.1 aYoshimoto, Jiichiroeed.